000
00393nam a22001697a 4500
003
MPLRDC
005
20220104142411.0
008
210129b ||||| |||| 00| 0 eng d
082
_a
868.71 BD-5
100
_a
碧澄
245
_a
让火把继续燃烧
_c
250
_a
初版
260
_a
_b
雅景出版社
_c
1988
300
_b
平
650
_a
马华文学
942
_c
BK
_o
868.71 BD-5
999
_c
30594
_d
30584